| 000 | 01138nam a22002897a 4500 | ||
|---|---|---|---|
| 001 | 4703 | ||
| 003 | FISKH | ||
| 005 | 20240923114023.0 | ||
| 008 | 240923b cb ||||| |||| 00| 0 eng d | ||
| 020 | _a9780590629775 | ||
| 040 |
_aFISKH _beng _cFISKH _dFISKH |
||
| 050 | _aPZ7.A6483 | ||
| 082 | _2813.54 | ||
| 100 |
_aApplegate, K.A. _d1956- |
||
| 245 |
_aThe invasion / _cK.A. Applegate |
||
| 250 | _aFirst printing in 1996 | ||
| 260 |
_aNew York : _bScholastic, _c1996. |
||
| 300 |
_a184 pages : _c20cm |
||
| 505 | _aL | ||
| 520 | _aThe Earth is being invaded, but no one knows about it. When Jake, Rachel, Tobias, Cassie, and Marco stumble upon a downed alien spaceship and its dying pilot, they're given an incredible power -- they can transform into any animal they touch. With it, they become Animorphs, the unlikely champions in a secret war for the planet. And the enemies they're fighting could be anyone . . . even the people closest to them. | ||
| 521 | 8 |
_a520L
_bLexile |
|
| 521 | 8 |
_aL
_bRaz-Plus |
|
| 650 |
_2Fantasy _aSeries |
||
| 650 |
_2Middle grade _aChildren's |
||
| 942 |
_2ddc _cBK _n0 |
||
| 999 |
_c4703 _d4703 |
||